|
|
|
|
| LEADER |
00000nam0a2200000 4500 |
| 001 |
281432 |
| 005 |
20231101235412.0 |
| 020 |
|
|
|a RU
|b 86-58343
|
| 035 |
|
|
|a (RuTPU)RU\TPU\book\305161
|
| 090 |
|
|
|a 281432
|
| 100 |
|
|
|a 20150122d1986 km y0rusy5003 ca
|
| 101 |
0 |
|
|a rus
|
| 102 |
|
|
|a RU
|
| 105 |
|
|
|a a z 001zy
|
| 200 |
1 |
|
|a Малосеребряные фотографические материалы и процессы их обработки
|f Л. В. Красный-Адмони
|
| 210 |
|
|
|a Ленинград
|c Химия
|d 1986
|
| 215 |
|
|
|a 168 с.
|c ил.
|
| 320 |
|
|
|a Библиогр.: с. 163-166 (120 назв.)
|
| 606 |
1 |
|
|a Фотографические материалы малосеребрянные
|x Производство
|2 stltpush
|3 (RuTPU)RU\TPU\subj\64217
|9 81128
|
| 610 |
1 |
|
|a светочувствительные системы
|
| 610 |
1 |
|
|a металлы
|
| 610 |
1 |
|
|a каталитическое усиление
|
| 610 |
1 |
|
|a красители
|
| 610 |
1 |
|
|a фотографические эмульсии
|
| 610 |
1 |
|
|a перспективы
|
| 675 |
|
|
|a 772
|z rus
|v 3
|
| 700 |
|
1 |
|a Красный-Адмони
|b Л. В.
|g Леонид Вольдемарович
|4 070
|
| 801 |
|
0 |
|a RU
|b RuMRKP
|c 19950704
|g psbo
|
| 801 |
|
1 |
|a RU
|b 63413507
|c 20150122
|
| 801 |
|
2 |
|a RU
|b 63413507
|c 20170328
|g RCR
|
| 942 |
|
|
|c BK
|